The truth about us : (Record no. 166142)
[ view plain ]
| 000 -LEADER | |
|---|---|
| fixed length control field | 00611nam a22001817a 4500 |
| 005 - DATE AND TIME OF LATEST TRANSACTION | |
| control field | 20190715151228.0 |
| 010 ## - LCCN (DPL NO) | |
| LC control number | ENG-125920 |
| 020 ## - INTERNATIONAL STANDARD BOOK NUMBER | |
| International Standard Book Number | 9789351950257 |
| Terms of availability | 499.00 |
| 035 ## - SYSTEM CONTROL NUMBER | |
| System control number | EN-109452 |
| 037 ## - SOURCE OF ACQUISITION | |
| Source of stock number/acquisition | DBAD/PUB |
| 082 ## - DEWEY DECIMAL CLASSIFICATION NUMBER | |
| Classification number | 302.5 |
| 100 ## - MAIN ENTRY--PERSONAL NAME | |
| Personal name | Chakraborty, Sanjoy |
| 245 ## - TITLE STATEMENT | |
| Title | The truth about us : |
| Statement of responsibility, etc | by Sanjoy Chakravorty |
| Remainder of title | the politics of information from Manu to Modi / |
| 260 ## - PUBLICATION, DISTRIBUTION, ETC. (IMPRINT) | |
| Place of publication, distribution, etc | Gurugram |
| Name of publisher, distributor, etc | Hachette Books Publishing |
| Date of publication, distribution, etc | 2019 |
| 270 ## - ADDRESS | |
| Address | 4th and 5th Floor, Corporate Centre, Plot No.-94, Sector 44 |
| City | Gurugram |
| Postal code | 122003 |
| 300 ## - PHYSICAL DESCRIPTION | |
| Extent | 301p. |
| Dimensions | 21cm(Hb) |
| 942 ## - ADDED ENTRY ELEMENTS (KOHA) | |
| Source of classification or shelving scheme | Dewey Decimal Classification |
| Item type | English Books |
| Classification part | 302.5 |
| Call number suffix | CHA |
| Withdrawn status | Lost status | Not for loan | Collection code | Home library | Current library | Date acquired | Source of acquisition | Cost, normal purchase price | Full call number | Barcode | Copy number | Cost, replacement price | Koha item type |
|---|---|---|---|---|---|---|---|---|---|---|---|---|---|
| Non-fiction | Central Library | Central Library | 15/07/2019 | DBAD/PUB | 499.00 | 302.5 CHA | EN-109452 | 1 | 499.00 | English Books |
